000 00327nam a2200121Ia 4500
008 220204s9999 xx 000 0 und d
082 _a665.93
_bFLI
100 _aFlick, Ernest W
245 0 _aAdhesive and sealant compounds and their formulations
260 _aNew Jersey
_bNoyes Data
_c1978
650 _aSealants
942 _cBK
999 _c30899
_d30899